| 000 | 00545nam a2200181 i 4500 | ||
|---|---|---|---|
| 001 | 146146 | ||
| 003 | ES-MaACL | ||
| 005 | 20251116063108.0 | ||
| 007 | t| | ||
| 008 | 070904s1915 sp ||||1| spa d | ||
| 100 | 0 |
_aTorres López, Manuel _9110905 |
|
| 245 | 1 | 0 |
_aLecciones de historia del Derecho Español / _cpor Manuel Torres. |
| 250 | _a2ª ed. muy corregida. | ||
| 260 |
_aSalamanca : _b[s.n.], _c1915 ( _fImp. de Calatrava) |
||
| 300 |
_a2 v. ; _c25 cm. |
||
| 852 |
_aES-MaACL _jA-4938-39 _bR.16923 |
||
| 999 |
_c146146 _d146146 |
||